| 000 | 00338nam a22001337a 4500 | ||
|---|---|---|---|
| 003 | SGT | ||
| 082 |
_a370 _bS09A |
||
| 100 | _aACHARYA, S.M. | ||
| 245 | _aSTUDENT: VISHAY VASTU EVAM SHIKSHAN VIDHIYAN MATHEMATICS (SAMANYA GYAN) | ||
| 260 |
_aROHTAK _bLUXMI PUBLISHING HOUSE _c2009 |
||
| 300 | _a168 | ||
| 650 | _aEDUCATION | ||
| 942 |
_2ddc _cBK |
||
| 999 |
_c11882 _d11882 |
||